000 00695nam a2200241Ia 4500
003 OSt
005 20220918222330.0
006 a|||||r|||| 00| 0
007 ta
008 220917b |||||||| |||| 00| 0 eng d
024 _a216,446
037 _cTextual
040 _aARTS
_cARTS
_beng
041 _2eng
_aeng
082 _aV3,4:(Q).M75<-M67, M9
100 _aParry J P
_9142806
245 0 _aDemocracy and religion
_b Gladstone and the liberal party 1867-1875
260 _aCambridge
_bCambridge University Press
_c1989
300 _axiii, 504p
_ccm.
650 _aHISTORY
942 _hV3,4:(Q).M75<-M67, M9
_cTEXL
_2CC
999 _c275185
_d275185